000
00272nam a2200097Ia 4500
001
1112614
005
20250827003934.0
008
250824s9999 xx 000 0 und d
245
0
_a
GÜL SOKAĞI'NIN DİKENLERİ
_c
ZEYNEP CEMALİ
260
_b
GÜNIŞIĞI KİTAPLIĞI YAYINLARI
999
_c
1112614
_d
1112614